zpět

Detail výsledku týmu

Pardubický Pub PO, Pardubice

Datum a čas kvízu

35.5 Celkem bodů Celkový počet nahraných bodů na tomto kvízu bez doplňovacích otázek.
3. Pořadí na kvízu Konečné umístění týmu na tomto kvízu.

Zaznamenané odpovědi

# Otázka Odpověď Body Výsledky
1. Ve věku 100 let zemřel posledn... Emil Boček 1
2. Minulý týden spustila společno... Bard 1
3. Aukci v pražské výstavní síni... Oskar Kokoschka 1
4. Zlínská obuvnická firma Vasky... Botas 1
5. V pátečním utkání proti Polsku... Ladislav Krejčí, Tomáš Čvančara 1
6. Vítězné téma facebookového hla... D) chléb ve tvaru ucha 1
7. První písemná zmínka o lasagní... bešamelová (bešamel) 1
8. Dne 1. dubna 1957 odvysílala j... BBC 1
9. Přiřaďte k sobě jednotlivé typ... 1A 2B 3C 4D 1
10. Těstoviny této značky lze zako... Barilla 1